| 000 | 01404nac a22003011u 4500 | ||
|---|---|---|---|
| 010 | _a 2002020514 | ||
| 020 | _a0253340950 (alk. paper) | ||
| 082 | 0 | 0 |
_a327.730538 _bCIT |
| 090 |
_c8572 _d8572 |
||
| 100 | _aCitino, Nathan J. | ||
| 245 | 1 | 0 |
_aFrom Arab nationalism to OPEC : _bEisenhower, King Saud, and the making of U.S.-Saudi relations / _cNathan J. Citino. |
| 246 | 3 | _aFrom Arab nationalism to Organization of Petroleum Exporting Countries | |
| 260 |
_aBloomington : _bIndiana University Press,c2002. _cc2002. |
||
| 300 |
_axi, 245 p. : _bill., maps ; _c25 cm. |
||
| 440 | 0 | _aIndiana series in Middle East studies | |
| 500 | _aDistributer: Baccah. | ||
| 504 | _aIncludes bibliographical references (p. 215-229) and index. | ||
| 511 | _aCatalogued By: Mhaitab. | ||
| 600 | 1 | 0 |
_aEisenhower, Dwight D. _d1890-1969. |
| 600 | 1 | 0 |
_aSaud, _d1902-1969. |
| 650 | 0 |
_aPetroleum industry and trade _xPolitical aspects _zArab countries _xHistory. |
|
| 651 | 0 |
_aUnited States _xForeign relations _zSaudi Arabia. |
|
| 651 | 0 |
_aSaudi Arabia _xForeign relations _zUnited States. |
|
| 651 | 0 |
_aUnited States _xForeign relations _y1953-1961. |
|
| 856 | 4 | 1 |
_3Table of contents _uhttp://www.loc.gov/catdir/toc/fy034/2002020514.html |
| 942 |
_cBB _k327.730538CIT |
||
| 999 |
_c8572 _d8572 |
||